000 00726nam a2200253Ia 4500
003 OSt
005 20220918164839.0
006 a|||||r|||| 00| 0
007 ta
008 220917b |||||||| |||| 00| 0 eng d
020 _a080181569X
024 _a20,108
037 _cTextual
040 _aARTS
_cARTS
_beng
041 _2eng
_aeng
082 _aO111,3:gN, L4
100 _aIser Wolfgang
245 0 _aImplied reader; Patterns of communication in prose fiction from bunyan to beckett
260 _aBaltimore
_bJohns Hopkings university Press
_c1974
300 _axiv,303p.
_ccm.
650 _aENGLISH LITERATURE
942 _hO111,3:gN, L4
_cTEXL
_2CC
999 _c126999
_d126999